| 000 | 00376nam a2200145Ia 4500 | ||
|---|---|---|---|
| 008 | 230917s9999||||xx |||||||||||||| ||und|| | ||
| 040 |
_e124813 _aMAIN |
||
| 041 | _aEnglish | ||
| 082 | _a361.6 D615S | ||
| 100 | _aDinitto, Diana M | ||
| 245 | 0 | _aSocial welfare politics and public policy | |
| 260 |
_aNew Jersey _bPrentice-Hall _c1983 |
||
| 300 | _axiv p. ; 257 | ||
| 942 | _cBK | ||
| 999 |
_c40923 _d40923 |
||